Music Quiz

Random Music Quiz

Anathema Discography (Songs) Quiz Stats

 Plays Quiz not verified by Sporcle

Score 0/125 Timer 15:00
0 Plays Today
Album Song % Correct
Alternative 4Fragile Dreams
89.8%
A Natural DisasterA Natural Disaster
89.8%
HindsightFragile Dreams
89.8%
HindsightA Natural Disaster
89.8%
JudgementJudgement
88.1%
EternityAngelica
86.4%
HindsightAngelica
86.4%
EternityEternity (Part I)
84.7%
JudgementDeep
84.7%
JudgementOne Last Goodbye
84.7%
A Fine Day To ExitA Fine Day To Exit
84.7%
HindsightOne Last Goodbye
84.7%
The Silent EnigmaThe Silent Enigma
83.1%
A Natural DisasterFlying
83.1%
HindsightFlying
83.1%
A Natural DisasterCloser
81.4%
We're Here Because We're HereThin Air
81.4%
We're Here Because We're HereA Simple Mistake
79.7%
Alternative 4Alternative 4
78%
A Natural DisasterAre You There
78%
HindsightAre You There
78%
A Fine Day To ExitPanic
76.3%
Alternative 4Empty
74.6%
All Faith Is Lost (Demo)Crestfallen
72.9%
The Crestfallen EPCrestfallen
72.9%
A Fine Day To ExitPressure
72.9%
A Natural DisasterBalance
72.9%
We're Here Because We're HereDreaming Light
72.9%
A Fine Day To ExitTemporary Peace
71.2%
HindsightTemporary Peace
71.2%
A Natural DisasterElectricity
69.5%
We're Here Because We're HereHindsight
69.5%
EternityEternity (Part 2)
67.8%
A Natural DisasterHarmonium
67.8%
We're Here Because We're HereEverything
67.8%
A Natural DisasterPulled Under at 2000 Metres A Second
64.4%
We're Here Because We're HereUniversal
64.4%
A Natural DisasterViolence
62.7%
JudgementForgotten Hopes
61%
Pentecost IIIPentecost III
59.3%
Alternative 4Lost Control
57.6%
Alternative 4Regret
57.6%
Album Song % Correct
We're Here Because We're HereSummer Night Horizon
57.6%
All Faith Is Lost (Demo)All Faith Is Lost
55.9%
Alternative 4Shroud Of False
55.9%
Alternative 4Feel
55.9%
We're Here Because We're HereAngels Walk Among Us
55.9%
SerenadesSleepless
54.2%
Alternative 4Inner Silence
54.2%
JudgementPitiless
54.2%
JudgementDon't Look Too Far
54.2%
A Fine Day To ExitUnderworld
54.2%
A Natural DisasterChildhood Dream
54.2%
HindsightInner Silence
54.2%
The Silent EnigmaA Dying Wish
52.5%
JudgementMake It Right (F.F.S)
52.5%
A Fine Day To ExitRelease
52.5%
Alternative 4Destiny
52.5%
JudgementEmotional Winter
50.8%
JudgementDestiny Is Dead
49.2%
A Fine Day To ExitLooking Outside Inside
49.2%
The Silent EnigmaRestless Oblivion
47.5%
JudgementAnyone, Anywhere
47.5%
A Fine Day To ExitBarrier
47.5%
EternitySentient
45.8%
EternityHope
44.1%
A Fine Day To ExitLeave No Trace
44.1%
HindsightLeave No Trace
44.1%
SerenadesSweet Tears
42.4%
The Silent EnigmaShroud of Frost
42.4%
The Silent EnigmaSunset of Age
42.4%
EternitySuicide Veil
42.4%
EternityFar Away
42.4%
EternityFar Away (Acoustic)
42.4%
Alternative 4Re-Connect
42.4%
JudgementParisienne Moonlight
42.4%
JudgementWings Of God
42.4%
Judgement2000 & Gone
42.4%
We're Here Because We're HereGet Off Get Out
42.4%
We're Here Because We're HerePresence
40.7%
Pentecost IIIKingdom
37.3%
EternityEternity (Part III)
37.3%
EternityAscension
37.3%
EternityEternity (Part III) (Acoustic)
37.3%
Album Song % Correct
Pentecost IIIWe, The Gods
35.6%
EternityCries On The Wind
35.6%
HindsightUnchained (Tales Of The Unexpected)
33.9%
Resonance 1 (Previously Unreleased)Better Off Dead (Bad Religion Cover)
33.9%
SerenadesLovelorn Rhapsody
32.2%
Pentecost IIIMine Is Yours To Drown In (Ours Is The New Tribe)
32.2%
The Silent EnigmaAlone
32.2%
EternityThe Beloved
32.2%
Resonance 2 (Previously Unreleased)Lovelorn Rhapsody (Re Recorded)
32.2%
All Faith Is Lost (Demo)They Die
30.5%
The Crestfallen EPThey Die
30.5%
SerenadesSleep In Sanity
30.5%
Resonance 1 (Previously Unreleased)Goodbye Cruel World (Pink Floyd Cover)
30.5%
SerenadesNailed To The Cross 666
28.8%
The Silent EnigmaNocturnal Emission
28.8%
The Silent EnigmaBlack Orchid
28.8%
The Crestfallen EPEverwake
27.1%
EternityRadiance
27.1%
An Illiad of WoesMemento Mori
25.4%
Pentecost IIIMemento Mori
25.4%
Resonance 1 (Previously Unreleased)One Of The Few (Pink Floyd Cover)
25.4%
Resonance 1 (Previously Unreleased)Horses
25.4%
The Crestfallen EP...And I Lust
23.7%
SerenadesThey (Will Always Die)
23.7%
SerenadesJ'ai Fait Une Promesse
22%
SerenadesScars Of The Old Stream
22%
The Silent EnigmaCerulean Twilight
22%
JudgementTransacoustic
22%
The Crestfallen EPThe Sweet Suffering
20.3%
SerenadesWhere Shadows Dance
20.3%
Alternative 4 (Bonus Track)Your Possible Pasts
20.3%
SerenadesEternal Rise Of The Sun
18.6%
Resonance 2 (Previously Unreleased)Sleepless 96
18.6%
SerenadesUnder A Veil (Of Black Lace)
16.9%
An Illiad of WoesLord of Mortal Pestilence
15.3%
An Illiad of WoesIn The Name Of The Father
13.6%
Resonance 1 (Previously Unreleased)The Silent Enigma Orchestral
13.6%
An Illiad of WoesEchoes Of Terror
11.9%
All Faith Is Lost (Demo)At One With Earth
11.9%
Resonance 1 (Previously Unreleased)Angelica (Live Budapest 1997)
11.9%
Bonus (Rehearsal)Cerebral Failure
10.2%

You're not logged in!

Compare scores with friends on all Sporcle quizzes.
OR
Log In

Show Comments

Extras

Top Quizzes Today


Score Distribution

Your Account Isn't Verified!

In order to create a playlist on Sporcle, you need to verify the email address you used during registration. Go to your Sporcle Settings to finish the process.

Report this User

Report this user for behavior that violates our Community Guidelines.

Details: